MANDELA THE AUTHORISED PORTRAIT (Record no. 5579)

MARC details
000 -LEADER
fixed length control field 00331nam a2200133Ia 4500
008 - FIXED-LENGTH DATA ELEMENTS--GENERAL INFORMATION
fixed length control field 240624s9999 xx 000 0 und d
041 ## - LANGUAGE CODE
Language code of text/sound track or separate title eng
082 ## - DEWEY DECIMAL CLASSIFICATION NUMBER
Classification number 920 MAC
100 ## - MAIN ENTRY--PERSONAL NAME
Personal name MAC
245 ## - TITLE STATEMENT
Title MANDELA THE AUTHORISED PORTRAIT
260 ## - PUBLICATION, DISTRIBUTION, ETC.
Date of publication, distribution, etc. 2007
Place of publication, distribution, etc. New Delhi
Name of publisher, distributor, etc. Penguin Books India
300 ## - PHYSICAL DESCRIPTION
Extent 355 : p. : cm. ; 30
365 ## - TRADE PRICE
Currency code BPS
Price amount 20
Holdings
Withdrawn status Lost status Damaged status Not for loan Home library Current library Shelving location Date acquired Source of acquisition Cost, normal purchase price Total Holds Full call number Barcode Date last seen Copy number Price effective from Koha item type
        IMTN IMTN Rack 42-B 07/29/2007 AP 30.00 944 920 MAC 5579 06/24/2024 92.6 06/24/2024 Books
Designed & Maintained by: LRC IMT Nagpur Contact: lrc@imtnag.ac.in© 2024. All Rights Reserved.